000 02018cam a2200265 4500
001 42190
003 BD-RjUL
005 20211209053515.0
008 160611s1967 nyu 000 0 eng
035 _a(OCoLC)ocm02936962
035 _a(BD-RjUL)42308
035 _a(NNC)1207749
040 _aDLC
_cCWR
_dSER
_dm.c.
_dOCL
_dZCU
_d(BD-RjUL)
_beng
041 _aeng
082 _a327.73
_bRAE 1967
100 1 _aRappaport, Armin,
_9129751
245 1 0 _aEssays in American diplomacy /
_c Armin Rappaport
260 _aNew York :
_bMacmillan,
_c1967
300 _ax, 331 p. :
_c24 cm.
500 _a--Wilson the diplomatist, by A. S. Link.--The legend of isolationism in the 1920's, by W. A. Williams.--The Stimson doctrine and the Hoover doctrine, by R. N. Current.--The President and the quarantine speech, by D. Borg.--History through a beard, by S. E. Morison.--Reflections of the Yalta papers, by R. J. Sontag.--How the cold war began, by S. Lynd.--The illusion of American omnipotence, by D. Brogan.--On dealing with the Communist world, by G. F. Kennan.
505 0 _aColonial origins of American diplomatic principles, by M. Savelle.--The Jay treaty: the origins of the American party system, by J. Charles.--South Carolina--A protagonist of the War of 1812, by M. K. Latimer.--The Age of Mercantilism: an interpretation of the American political economy, 1763-1828, by W. A. Williams.--Manifest destiny--an emotion, by E. D. Adams.--The failure of Polk's Mexican War intrigue of 1845, by R. R. Stenberg.--Northern diplomacy and European neutrality, by N. A. Graebner.--A new approach to the origins of Blaine's Pan American policy, by R. H. Bastert.--Cuba, the Philippines, and manifest destiny, by R. Hofstadter.--Progressivism and imperialism: the Progressive movement and American foreign policy, 1898-1916, by W. E. Leuchtenburg.--The changing concept of the Open Door, 1899-1910, by R. A. Esthus.
651 0 _aUnited States
_xForeign relations.
_9129752
942 _2ddc
_cBK
999 _c42190
_d42190